000 00308nam a22001337a 4500
008 171025b xxu||||| |||| 00| 0 eng d
020 _a0134543718
041 _aeng
080 _23RD
_a336.2
100 _a55
101 _aTAK
245 _aTHE INCOMETAX AND BUSINESS DECISIONS
_cRABY,W.L
942 _2udc
_cBK
999 _c35919
_d35919